[Event "EU-ch (Women) 24th"]
[Site "Rhodes"]
[Date "2024.04.28"]
[Round "9"]
[White "Kochavi, Dana"]
[Black "Nilssen, Ellen Fredericia"]
[Result "0-1"]
[WhiteElo "2084"]
[BlackElo "2195"]
[PlyCount "58"]
[EventDate "2024.04.19"]
[EventType "swiss"]
[EventRounds "10"]
[EventCountry "GRE"]
[SourceTitle "CB18_2024"]
[SourceDate "2024.05.01"]
[SourceVersion "1"]
[SourceVersionDate "2024.05.01"]
[SourceQuality "2"]

1. e4 c5 2. Nf3 Nf6 3. Nc3 d5 4. exd5 Nxd5 5. Nxd5 Qxd5 6. c4 Qe4+ 7. Be2 e5 8. 0-0 Be7 9. Re1 Nc6 10. Bf1 Qf5 11. b4 cxb4 12. Bb2 e4 13. Bxg7 Rg8 14. Nd4 Qg6 15. Nxc6 Qxc6 16. Be5 Bg4 17. Qc2 Bf5 18. Bg3 0-0-0 19. Rad1 h5 20. Qb2 Bg4 21. d4 h4 22. Bf4 Bf3 23. g3 Bd6 24. Bh3+ Kb8 25. d5 Qc7 26. Bxd6 Qxd6 27. Rb1 hxg3 28. hxg3 Rh8 29. Bg2 Qh6 0-1

[Event "EU-ch (Women) 24th"]
[Site "Rhodes"]
[Date "2024.04.22"]
[Round "4"]
[White "Nilssen, Ellen Fredericia"]
[Black "Balajayeva, Khanim Asad Qizi"]
[Result "1/2-1/2"]
[WhiteElo "2195"]
[BlackElo "2371"]
[PlyCount "58"]
[EventDate "2024.04.19"]
[EventType "swiss"]
[EventRounds "10"]
[EventCountry "GRE"]
[SourceTitle "CB18_2024"]
[SourceDate "2024.05.01"]
[SourceVersion "1"]
[SourceVersionDate "2024.05.01"]
[SourceQuality "2"]

1. e4 e5 2. Nf3 Nc6 3. Bc4 Nf6 4. Ng5 d5 5. exd5 Na5 6. Bb5+ c6 7. dxc6 bxc6 8. Bd3 Nd5 9. Nf3 Bd6 10. 0-0 Nf4 11. Nc3 Nxd3 12. cxd3 0-0 13. Ne4 Bc7 14. Nc5 Nb7 15. Qc2 Nxc5 16. Qxc5 Ba6 17. b3 e4 18. Ne5 Re8 19. Bb2 Bxe5 20. Bxe5 Bxd3 21. Rfe1 Re6 22. Bb2 Qd7 23. Re3 Rd8 24. Bc3 a6 25. Rae1 Qd5 26. Qa7 Rg6 27. Qe7 h6 28. Rg3 Rdd6 29. Ree3 Qe6 1/2-1/2

[Event "Titled Tuesday intern op 02nd Apr Late"]
[Site "Chess.com INT"]
[Date "2024.04.02"]
[Round "9"]
[White "Goncalves, Samuel Jesus P"]
[Black "Nilssen, Ellen Fredericia"]
[Result "1-0"]
[WhiteElo "2190"]
[BlackElo "2195"]
[PlyCount "67"]
[EventDate "2024.04.02"]
[EventType "swiss (blitz)"]
[EventRounds "11"]
[EventCountry "USA"]
[SourceTitle "CB15_2024"]
[SourceDate "2024.04.10"]
[SourceVersion "1"]
[SourceVersionDate "2024.04.10"]
[SourceQuality "1"]

1. e4 c6 2. d4 d5 3. e5 c5 4. dxc5 Bf5 5. Bb5+ Nd7 6. Qxd5 e6 7. Qxb7 Rb8 8. Bxd7+ Ke7 9. Qxa7 Ra8 10. Qb7 Rb8 11. Qc6 Qxd7 12. Qd6+ Qxd6 13. cxd6+ Kd7 14. Nf3 Bxc2 15. Na3 Be4 16. Nc4 f6 17. Be3 Bd5 18. Nb6+ Kc6 19. Rc1+ Kb5 20. Nxd5 exd5 21. Nd4+ Ka6 22. Rc6+ Ka5 23. Nb3+ Ka4 24. e6 Nh6 25. Bxh6 gxh6 26. 0-0 Rg8 27. e7 Bxe7 28. dxe7 Rbe8 29. Re1 Rg7 30. Rc7 Kb5 31. Nd4+ Kb6 32. Rc6+ Kb7 33. Rce6 h5 34. Nf5 1-0

[Event "Titled Tuesday intern op 02nd Apr Late"]
[Site "Chess.com INT"]
[Date "2024.04.02"]
[Round "7"]
[White "Nilssen, Ellen Fredericia"]
[Black "Krzywda, Andrzej"]
[Result "1-0"]
[WhiteElo "2195"]
[BlackElo "2214"]
[PlyCount "65"]
[EventDate "2024.04.02"]
[EventType "swiss (blitz)"]
[EventRounds "11"]
[EventCountry "USA"]
[SourceTitle "CB15_2024"]
[SourceDate "2024.04.10"]
[SourceVersion "1"]
[SourceVersionDate "2024.04.10"]
[SourceQuality "1"]

1. Nf3 d5 2. b3 c5 3. e3 Nf6 4. Bb2 g6 5. c4 dxc4 6. bxc4 Bg7 7. Be2 0-0 8. 0-0 b6 9. d4 cxd4 10. exd4 Bb7 11. Nc3 Nc6 12. d5 Na5 13. Rc1 Rc8 14. Nb5 a6 15. Nbd4 Qd6 16. Qa4 Rfd8 17. Rfd1 Nd7 18. Ba3 Nc5 19. Qc2 Qf4 20. Bb4 h5 21. Qc3 e5 22. dxe6 Nxe6 23. Bxa5 Nxd4 24. Nxd4 Bxd4 25. Rxd4 Rxd4 26. Bxb6 Rd2 27. Be3 Qxe3 28. Qxe3 Rxa2 29. c5 Bc6 30. Bf3 Re8 31. Bxc6 Rxe3 32. fxe3 a5 33. Bd5 1-0

[Event "Titled Tuesday intern op 02nd Apr Late"]
[Site "Chess.com INT"]
[Date "2024.04.02"]
[Round "4"]
[White "Nilssen, Ellen Fredericia"]
[Black "Peczely, Sebastian Zsombor"]
[Result "0-1"]
[WhiteElo "2195"]
[BlackElo "2310"]
[PlyCount "106"]
[EventDate "2024.04.02"]
[EventType "swiss (blitz)"]
[EventRounds "11"]
[EventCountry "USA"]
[SourceTitle "CB15_2024"]
[SourceDate "2024.04.10"]
[SourceVersion "1"]
[SourceVersionDate "2024.04.10"]
[SourceQuality "1"]

1. Nf3 Nf6 2. b3 d5 3. Bb2 c5 4. e3 Nc6 5. c4 e6 6. cxd5 exd5 7. d4 Bg4 8. Be2 Be7 9. 0-0 0-0 10. Nbd2 b6 11. Rc1 Rc8 12. h3 Bf5 13. Ba6 Rc7 14. Qe2 h6 15. dxc5 bxc5 16. Ne5 Nb4 17. a3 Nxa6 18. Qxa6 Qd6 19. Qxd6 Bxd6 20. Ndf3 Rb8 21. b4 cxb4 22. axb4 Rxc1 23. Rxc1 Rxb4 24. Ba3 Rb6 25. Bxd6 Rxd6 26. Nd4 Be6 27. Rc7 Ra6 28. Nec6 Ra1+ 29. Kh2 a6 30. Ra7 Ra2 31. f3 Ra3 32. Nxe6 fxe6 33. Ra8+ Kh7 34. Nd4 Rxe3 35. Rxa6 e5 36. Nf5 Re2 37. Ra7 Nh5 38. h4 d4 39. Kh3 Nf4+ 40. Kh2 Rxg2+ 41. Kh1 d3 42. Rd7 d2 43. h5 Re2 44. Ne7 Re1+ 45. Kh2 d1Q 46. Rxd1 Rxd1 47. Ng6 Nxg6 48. hxg6+ Kxg6 49. Kg3 Kf5 50. Kf2 Kf4 51. Kg2 Rd2+ 52. Kf1 Kxf3 53. Ke1 Rd3 0-1

[Event "Titled Tuesday intern op 02nd Apr Late"]
[Site "Chess.com INT"]
[Date "2024.04.02"]
[Round "11"]
[White "Nilssen, Ellen Fredericia"]
[Black "Tsatsalashvili, Ketevan"]
[Result "0-1"]
[WhiteElo "2195"]
[BlackElo "2315"]
[PlyCount "110"]
[EventDate "2024.04.02"]
[EventType "swiss (blitz)"]
[EventRounds "11"]
[EventCountry "USA"]
[SourceTitle "CB15_2024"]
[SourceDate "2024.04.10"]
[SourceVersion "1"]
[SourceVersionDate "2024.04.10"]
[SourceQuality "1"]

1. Nf3 Nf6 2. b3 g6 3. Bb2 Bg7 4. e3 0-0 5. c4 c6 6. Be2 d5 7. cxd5 cxd5 8. 0-0 Nc6 9. d4 Bf5 10. Nc3 Ne4 11. Rc1 Rc8 12. h3 Nxc3 13. Rxc3 a6 14. Qc1 Nb4 15. Qa1 Qa5 16. Rfc1 Qxa2 17. Rc7 Qxa1 18. Bxa1 Rfe8 19. g4 Rxc7 20. Rxc7 Rc8 21. Rxb7 Rc1+ 22. Kg2 Bd3 23. Bb2 Rc2 24. Bxd3 Nxd3 25. Ba3 Bf8 26. Bxe7 Bxe7 27. Rxe7 Nxf2 28. Kg3 Ne4+ 29. Kf4 Rf2 30. g5 Nd2 31. Ke5 Nxf3+ 32. Kxd5 Nxg5 33. e4 Kf8 34. Ra7 Nxh3 35. Rxa6 Nf4+ 36. Ke5 Nd3+ 37. Kd6 h5 38. Ra8+ Kg7 39. d5 h4 40. Ke7 h3 41. d6 Ne5 42. Ra1 h2 43. Rh1 Rd2 44. b4 g5 45. b5 g4 46. b6 g3 47. b7 Nc6+ 48. Ke8 Nb8 49. e5 Rd5 50. Re1 Rxe5+ 51. Rxe5 h1Q 52. d7 Nxd7 53. Kxd7 Qxb7+ 54. Ke8 Qb8+ 55. Ke7 Qxe5+ 0-1

[Event "Bhubaneswar SOA op 1st"]
[Site "Bhubaneswar"]
[Date "2024.02.04"]
[Round "10"]
[White "Gonzales, Jayson"]
[Black "Nilssen, Ellen Fredericia"]
[Result "1-0"]
[WhiteElo "2367"]
[BlackElo "2184"]
[PlyCount "143"]
[EventDate "2024.01.28"]
[EventType "swiss"]
[EventRounds "10"]
[EventCountry "IND"]
[SourceTitle "CB06_2024"]
[SourceDate "2024.02.07"]
[SourceVersion "1"]
[SourceVersionDate "2024.02.07"]
[SourceQuality "1"]

1. d4 d5 2. Nf3 e6 3. g3 Nf6 4. Bg2 c5 5. 0-0 Nc6 6. c4 dxc4 7. Qa4 Bd7 8. dxc5 Na5 9. Qc2 Bxc5 10. Ne5 Qc7 11. Bf4 Bd6 12. Nxd7 Nxd7 13. Bxd6 Qxd6 14. Rd1 Qc7 15. Rf1 Qd6 16. Rd1 Qc7 17. b4 Nc6 18. Qxc4 Rc8 19. Nc3 Nb6 20. Qh4 0-0 21. Nb5 Qb8 22. Nd6 Rcd8 23. Nxb7 Rxd1+ 24. Rxd1 Qxb7 25. b5 Nd5 26. bxc6 Qxc6 27. Bxd5 exd5 28. Qd4 Qc4 29. Rd2 Rc8 30. Qxd5 Qxd5 31. Rxd5 Kf8 32. Ra5 Rc7 33. Kg2 Ke7 34. Kf3 Kd6 35. Ke3 Kc6 36. Kd2 Kb6 37. Rd5 Kc6 38. Rd3 Rb7 39. Kc2 Rb5 40. Rf3 f6 41. Ra3 Rb7 42. Rc3+ Kd5 43. Rc8 Re7 44. Rd8+ Kc4 45. e3 Kb4 46. Kb2 Rb7 47. Rd4+ Kb5 48. Kc3 Kc6 49. Rc4+ Kd5 50. e4+ Kd6 51. f4 Rb5 52. Rd4+ Kc6 53. Rb4 Ra5 54. Kb3 g5 55. Rb8 Kd6 56. Rd8+ Ke6 57. Ra8 Kd6 58. a4 gxf4 59. gxf4 Rh5 60. Rxa7 Rxh2 61. Ra6+ Kc5 62. Rxf6 Rh3+ 63. Kb2 Rh2+ 64. Kb3 Rh3+ 65. Kc2 Ra3 66. e5 Rxa4 67. Kd3 h5 68. Ke3 h4 69. Kf3 Ra7 70. Rh6 Kd5 71. Rxh4 Ke6 72. Rh6+ 1-0

[Event "Bhubaneswar SOA op 1st"]
[Site "Bhubaneswar"]
[Date "2024.02.03"]
[Round "9"]
[White "Sammed Jaykumar, Shete"]
[Black "Nilssen, Ellen Fredericia"]
[Result "1-0"]
[WhiteElo "2441"]
[BlackElo "2184"]
[PlyCount "83"]
[EventDate "2024.01.28"]
[EventType "swiss"]
[EventRounds "10"]
[EventCountry "IND"]
[SourceTitle "CB06_2024"]
[SourceDate "2024.02.07"]
[SourceVersion "1"]
[SourceVersionDate "2024.02.07"]
[SourceQuality "1"]

1. e4 c5 2. Nf3 d6 3. d4 cxd4 4. Nxd4 Nf6 5. Nc3 a6 6. Nb3 e6 7. g4 b5 8. a3 Bb7 9. Bg2 Be7 10. g5 Nfd7 11. h4 Nc5 12. Nd4 Nbd7 13. f4 h6 14. b4 Na4 15. Nxa4 bxa4 16. 0-0 hxg5 17. hxg5 g6 18. Bb2 e5 19. Ne2 Qb6+ 20. Rf2 Rh7 21. Nc3 exf4 22. Nd5 Bxd5 23. Qxd5 Rc8 24. c4 Qe3 25. Rd1 f3 26. Bxf3 Qxg5+ 27. Qxg5 Bxg5 28. Rc2 Ke7 29. c5 dxc5 30. Kf1 Rc7 31. bxc5 Bf6 32. e5 Bxe5 33. c6 Bxb2 34. cxd7 Rxd7 35. Rxd7+ Kxd7 36. Rxb2 Rh4 37. Rb7+ Kd6 38. Rb6+ Kc5 39. Rxa6 g5 40. Ra5+ Kc4 41. Rxa4+ Kb3 42. Bd1+ 1-0

[Event "Bhubaneswar SOA op 1st"]
[Site "Bhubaneswar"]
[Date "2024.01.30"]
[Round "3"]
[White "Audi, Ameya"]
[Black "Nilssen, Ellen Fredericia"]
[Result "1-0"]
[WhiteElo "2385"]
[BlackElo "2184"]
[PlyCount "75"]
[EventDate "2024.01.28"]
[EventType "swiss"]
[EventRounds "10"]
[EventCountry "IND"]
[SourceTitle "CB06_2024"]
[SourceDate "2024.02.07"]
[SourceVersion "1"]
[SourceVersionDate "2024.02.07"]
[SourceQuality "1"]

1. e4 c5 2. Nf3 d6 3. d4 cxd4 4. Nxd4 Nf6 5. Nc3 a6 6. Bd3 e5 7. Nde2 Be7 8. 0-0 0-0 9. Ng3 Be6 10. Nd5 Bxd5 11. exd5 g6 12. c4 Nbd7 13. Kh1 Nc5 14. f4 Nxd3 15. Qxd3 Nd7 16. f5 Nc5 17. Qf3 Bf6 18. Bh6 Bg7 19. Bxg7 Kxg7 20. f6+ Kh8 21. b4 Na4 22. Ne4 Rg8 23. Qe3 Rc8 24. Qh6 g5 25. Nxg5 Rxg5 26. Qxg5 Qg8 27. Qxg8+ Kxg8 28. Rac1 Kf8 29. g4 Ke8 30. Rf5 Nb2 31. Rh5 Nd3 32. Rc3 Nxb4 33. Rxh7 Rc5 34. g5 b5 35. Rh8+ Kd7 36. g6 Nxd5 37. cxd5 Rxc3 38. gxf7 1-0

[Event "Copenhagen Obro CXU New Year op"]
[Site "Copenhagen"]
[Date "2023.12.29"]
[Round "5"]
[White "Hansen, Soren Bech"]
[Black "Nilssen, Ellen Fredericia"]
[Result "1-0"]
[WhiteElo "2204"]
[BlackElo "2174"]
[PlyCount "91"]
[EventDate "2023.12.27"]
[EventType "swiss"]
[EventRounds "7"]
[EventCountry "DEN"]
[SourceTitle "CB01_2024"]
[SourceDate "2024.01.03"]
[SourceVersion "1"]
[SourceVersionDate "2024.01.03"]
[SourceQuality "1"]

1. e4 c5 2. Nf3 d6 3. Bb5+ Nd7 4. Ba4 Ngf6 5. 0-0 e6 6. Re1 a6 7. c3 b5 8. Bc2 c4 9. d4 cxd3 10. Qxd3 Bb7 11. Nbd2 Be7 12. Qe2 0-0 13. a4 bxa4 14. Rxa4 Nc5 15. Ra1 e5 16. b4 Ne6 17. Nb3 Qc7 18. Bd2 Bc8 19. Bd3 Nf4 20. Bxf4 exf4 21. Rec1 Be6 22. Nfd4 f3 23. Qxf3 Bg4 24. Qe3 d5 25. e5 Nd7 26. f4 f6 27. Bf5 Bxf5 28. Nxf5 Rfe8 29. Qf3 Nb6 30. e6 Bd6 31. Nxd6 Qxd6 32. Nd4 Nc4 33. Ra2 g6 34. Rca1 Re7 35. h4 Kg7 36. Kh1 a5 37. bxa5 Qc5 38. a6 Nd6 39. Ra5 Qc8 40. Qxd5 Ne8 41. a7 Nc7 42. Qd6 Qe8 43. Nc6 Rxe6 44. Qxc7+ Kh6 45. Nd4 Re1+ 46. Kh2 1-0

[Event "Copenhagen Obro CXU New Year op"]
[Site "Copenhagen"]
[Date "2023.12.27"]
[Round "1"]
[White "Ramsdal, Mikkel"]
[Black "Nilssen, Ellen Fredericia"]
[Result "0-1"]
[WhiteElo "1792"]
[BlackElo "2174"]
[PlyCount "80"]
[EventDate "2023.12.27"]
[EventType "swiss"]
[EventRounds "7"]
[EventCountry "DEN"]
[SourceTitle "CB01_2024"]
[SourceDate "2024.01.03"]
[SourceVersion "1"]
[SourceVersionDate "2024.01.03"]
[SourceQuality "1"]

1. d4 Nf6 2. e3 e6 3. Bd3 b6 4. Nf3 Bb7 5. Nbd2 c5 6. 0-0 Nc6 7. c3 d5 8. Ne5 Nxe5 9. dxe5 Nd7 10. f4 g6 11. b3 Bg7 12. Bb2 0-0 13. e4 c4 14. bxc4 Nc5 15. Qc2 Nxd3 16. Qxd3 dxe4 17. Qd4 f5 18. exf6 Bxf6 19. Qe3 Qd3 20. Rae1 Qc2 21. Ba3 Bxc3 22. Nxe4 Bxe1 23. Rxe1 Bxe4 24. Re2 Qb1+ 25. Re1 Qxa2 26. Re2 Qxc4 27. Bxf8 Kxf8 28. Qxe4 Qxe4 29. Rxe4 Ke7 30. Kf2 a5 31. Re2 a4 32. Ke3 b5 33. Kd3 b4 34. Kc2 Rc8+ 35. Kb2 Rc3 36. Re4 a3+ 37. Kb1 b3 38. Ra4 b2 39. Ka2 Rc1 40. Rb4 Ra1+ 0-1

[Event "DEN-chT 2324 61st"]
[Site "Denmark"]
[Date "2023.12.10"]
[Round "4.6"]
[White "Nilssen, Ellen Fredericia"]
[Black "Haubro, Sigfred"]
[Result "1-0"]
[WhiteElo "2161"]
[BlackElo "2186"]
[PlyCount "43"]
[EventDate "2023.10.28"]
[EventType "team-tourn"]
[EventRounds "9"]
[EventCountry "DEN"]
[SourceTitle "CB11_2024"]
[SourceDate "2024.03.13"]
[SourceVersion "1"]
[SourceVersionDate "2024.03.13"]
[SourceQuality "1"]
[WhiteTeam "Frem"]
[BlackTeam "BMS"]
[WhiteTeamCountry "DEN"]
[BlackTeamCountry "DEN"]

1. e4 d5 2. exd5 Qxd5 3. Nc3 Qa5 4. d4 c6 5. Bc4 Nf6 6. Nf3 Bf5 7. Bd2 Qd8 8. Qe2 e6 9. 0-0-0 Be7 10. Rhe1 b5 11. Bb3 a5 12. Ne5 0-0 13. g4 Nxg4 14. Nxg4 a4 15. Rg1 Kh8 16. Nh6 axb3 17. Nxf5 bxa2 18. Rxg7 a1Q+ 19. Nb1 Bg5 20. Qh5 h6 21. Bxg5 exf5 22. Qxh6# 1-0

[Event "Maia op 7th"]
[Site "Maia"]
[Date "2023.09.01"]
[Round "8"]
[White "Nilssen, Ellen Fredericia"]
[Black "Afonso, Joao Pedro"]
[Result "1-0"]
[WhiteElo "2153"]
[BlackElo "1886"]
[PlyCount "73"]
[EventDate "2023.08.25"]
[EventType "swiss"]
[EventRounds "9"]
[EventCountry "POR"]
[SourceTitle "EXT 2024"]
[Source "ChessBase"]
[SourceDate "2023.10.10"]
[SourceVersion "1"]
[SourceVersionDate "2023.10.10"]
[SourceQuality "1"]

1. e4 e5 2. Nf3 Nc6 3. Bc4 Bc5 4. c3 Nf6 5. d4 exd4 6. e5 d5 7. Bb5 Ne4 8. cxd4 Bb6 9. Be3 0-0 10. Nc3 Nxc3 11. bxc3 Bf5 12. 0-0 h6 13. Bd3 Ne7 14. Nh4 Bxd3 15. Qxd3 f5 16. f4 Qd7 17. Kh1 Rf7 18. Rf2 Raf8 19. Rg1 Qe6 20. h3 Ng6 21. Nxg6 Qxg6 22. g4 Qh7 23. Kh2 c6 24. Rfg2 fxg4 25. Qxh7+ Kxh7 26. hxg4 g6 27. Kg3 Ba5 28. Rh1 Kg7 29. f5 gxf5 30. Bxh6+ Kg6 31. Bxf8 Rxf8 32. Rf1 f4+ 33. Rxf4 Rxf4 34. Kxf4 Bxc3 35. Ke3 c5 36. dxc5 Bxe5 37. Rd2 1-0

[Event "Maia op 7th"]
[Site "Maia"]
[Date "2023.08.28"]
[Round "4"]
[White "Nilssen, Ellen Fredericia"]
[Black "Boutsias, Jason"]
[Result "1-0"]
[WhiteElo "2153"]
[BlackElo "1684"]
[PlyCount "79"]
[EventDate "2023.08.25"]
[EventType "swiss"]
[EventRounds "9"]
[EventCountry "POR"]
[SourceTitle "EXT 2024"]
[Source "ChessBase"]
[SourceDate "2023.10.10"]
[SourceVersion "1"]
[SourceVersionDate "2023.10.10"]
[SourceQuality "1"]

1. d4 Nf6 2. c4 g6 3. h4 h5 4. Nc3 d5 5. Bg5 c6 6. cxd5 Nxd5 7. e4 Nxc3 8. bxc3 Bg7 9. Bc4 Qa5 10. Ne2 b5 11. Bb3 Na6 12. 0-0 Bb7 13. a4 Qc7 14. Qd3 Qd7 15. e5 Nc7 16. Qf3 Qf5 17. Qe3 Ne6 18. Ng3 Qg4 19. Bd1 Qxd1 20. Rfxd1 Nxg5 21. hxg5 e6 22. Ne4 0-0 23. Nc5 Bc8 24. axb5 cxb5 25. Qf3 Rb8 26. Rxa7 b4 27. cxb4 Rxb4 28. Nd7 Bxd7 29. Rxd7 Rbb8 30. Rc1 Rbd8 31. Rcc7 Rxd7 32. Rxd7 Bh8 33. Qb7 Bg7 34. f4 Bh8 35. d5 exd5 36. Qxd5 Bg7 37. Kh2 Bh8 38. e6 fxe6 39. Qxe6+ Rf7 40. Qxf7# 1-0

[Event "Maia op 7th"]
[Site "Maia"]
[Date "2023.08.27"]
[Round "3"]
[White "Ivanov, Mike"]
[Black "Nilssen, Ellen Fredericia"]
[Result "1-0"]
[WhiteElo "2349"]
[BlackElo "2153"]
[PlyCount "61"]
[EventDate "2023.08.25"]
[EventType "swiss"]
[EventRounds "9"]
[EventCountry "POR"]
[SourceTitle "EXT 2024"]
[Source "ChessBase"]
[SourceDate "2023.10.10"]
[SourceVersion "1"]
[SourceVersionDate "2023.10.10"]
[SourceQuality "1"]

1. e4 c5 2. Nf3 d6 3. d4 cxd4 4. Nxd4 Nf6 5. f3 e5 6. Nb3 d5 7. Bg5 Be6 8. Bxf6 gxf6 9. exd5 Qxd5 10. Qxd5 Bxd5 11. Nc3 Be6 12. 0-0-0 Nc6 13. Bb5 Rc8 14. Nd5 f5 15. Nf6+ Ke7 16. Nd5+ Ke8 17. Rhe1 Bh6+ 18. Kb1 Kf8 19. Nc3 f6 20. Nc5 Ke7 21. Nxe6 Kxe6 22. Bc4+ Ke7 23. Nd5+ Kf8 24. Nxf6 Kg7 25. Rd6 Bg5 26. Nh5+ Kf8 27. Rd7 Be7 28. Be6 f4 29. Bd5 Bb4 30. Rf7+ Kg8 31. Nf6# 1-0

[Event "Titled Tuesday intern op 27th Jun Early"]
[Site "Chess.com INT"]
[Date "2023.06.27"]
[Round "9"]
[White "Nilssen, Ellen Fredericia"]
[Black "Kotyk, Michael"]
[Result "0-1"]
[WhiteElo "2163"]
[BlackElo "2089"]
[PlyCount "90"]
[EventDate "2023.06.27"]
[EventType "swiss (blitz)"]
[EventRounds "11"]
[EventCountry "USA"]
[SourceTitle "EXT 2024"]
[Source "ChessBase"]
[SourceDate "2023.10.10"]
[SourceVersion "1"]
[SourceVersionDate "2023.10.10"]
[SourceQuality "1"]

1. Nf3 f5 2. b3 d6 3. d4 Nf6 4. Bb2 g6 5. g3 Bg7 6. Bg2 0-0 7. 0-0 Ne4 8. Nbd2 Nxd2 9. Qxd2 Nc6 10. c4 e5 11. d5 Ne7 12. Ng5 h6 13. Ne6 Bxe6 14. dxe6 c6 15. Rad1 Nc8 16. Ba3 Rf6 17. Bxd6 Rxe6 18. Ba3 Qe8 19. Qd7 Qf7 20. Qxf7+ Kxf7 21. Rd7+ Ne7 22. Rxb7 Rd8 23. Rxa7 e4 24. Bc5 Rd2 25. Be3 Rxe2 26. Rd1 g5 27. Bf1 Rb2 28. Rdd7 Rb1 29. Bc5 Bf6 30. Kg2 f4 31. gxf4 gxf4 32. Bxe7 Bxe7 33. Be2 f3+ 34. Bxf3 exf3+ 35. Kxf3 Kf6 36. Ra8 Bc5 37. Rh8 Ke5 38. Rd3 Rf6+ 39. Kg4 Rg1+ 40. Kh3 Rf5 41. Rxh6 Bxf2 42. Rh8 Ke4 43. Rg3 Bxg3 44. hxg3 Rh1+ 45. Kg2 Rxh8 0-1

[Event "Fredericia"]
[Site "Fredericia"]
[Date "2023.05.19"]
[Round "5"]
[White "Nilssen, Ellen Fredericia"]
[Black "Van Foreest, Machteld"]
[Result "0-1"]
[WhiteElo "2114"]
[BlackElo "2299"]
[PlyCount "68"]
[EventDate "2023.05.17"]
[EventType "tourn"]
[EventRounds "9"]
[EventCountry "DEN"]
[EventCategory "3"]
[SourceTitle "CBM 214 Extra"]
[Source "ChessBase"]
[SourceDate "2023.07.31"]
[SourceVersion "1"]
[SourceVersionDate "2023.07.31"]
[SourceQuality "1"]

1. e4 c5 2. Nf3 e6 3. g3 Nc6 4. Bg2 Nf6 5. Qe2 Be7 6. e5 Nd5 7. 0-0 d6 8. exd6 Qxd6 9. Nc3 0-0 10. Rd1 Rd8 11. d4 cxd4 12. Ne4 Qb4 13. c3 dxc3 14. bxc3 Qa4 15. c4 f5 16. Neg5 Bf6 17. Bb2 Be5 18. Bc3 Bxc3 19. Qc2 Bb2 20. Qxb2 Qxc4 21. Rac1 Qb4 22. Qe2 Qe7 23. Re1 Re8 24. Qc4 Bd7 25. Qb3 h6 26. Nxe6 Bxe6 27. Rxe6 Qxe6 28. Ng5 Nd4 29. Qxb7 Rab8 30. Nxe6 Ne2+ 31. Kf1 Rxb7 32. Re1 Rb5 33. Bxd5 Rxd5 34. Nc7 Nxg3+ 0-1

[Event "Fredericia"]
[Site "Fredericia"]
[Date "2023.05.17"]
[Round "1"]
[White "Larkin, Vladislav"]
[Black "Nilssen, Ellen Fredericia"]
[Result "1-0"]
[WhiteElo "2468"]
[BlackElo "2114"]
[PlyCount "121"]
[EventDate "2023.05.17"]
[EventType "tourn"]
[EventRounds "9"]
[EventCountry "DEN"]
[EventCategory "3"]
[SourceTitle "CBM 214 Extra"]
[Source "ChessBase"]
[SourceDate "2023.07.31"]
[SourceVersion "1"]
[SourceVersionDate "2023.07.31"]
[SourceQuality "1"]

1. d4 Nf6 2. Bf4 d5 3. e3 c5 4. c3 Nc6 5. Nd2 e6 6. Ngf3 Bd6 7. Bg3 0-0 8. Bb5 Ne7 9. Bd3 Nf5 10. Ne5 Qc7 11. Qb1 Nh5 12. Nef3 Nf6 13. dxc5 Qxc5 14. Nb3 Qb6 15. Bxf5 exf5 16. Nbd4 f4 17. exf4 Re8+ 18. Ne5 Ne4 19. f3 Bxe5 20. fxe5 Nxg3 21. hxg3 Rxe5+ 22. Kf1 h6 23. Qc2 Bd7 24. Kf2 Rae8 25. Rhe1 Qd6 26. Rxe5 Qxe5 27. Qd2 h5 28. Qf4 f6 29. Rd1 h4 30. Qxe5 fxe5 31. Nc2 hxg3+ 32. Kxg3 Bc6 33. Nb4 Rd8 34. Kg4 g6 35. Nd3 Re8 36. Re1 e4 37. Nb4 Kg7 38. fxe4 Bd7+ 39. Kf4 Rf8+ 40. Kg3 dxe4 41. Rxe4 Rf7 42. Re3 Kh6 43. Nd3 Bf5 44. Ne5 Rc7 45. Kf4 Bb1 46. a3 Bc2 47. Ng4+ Kg7 48. Kg5 Bf5 49. Nf6 Kf7 50. Re5 Rc6 51. Nd5 Rc5 52. b4 Rc4 53. Re7+ Kf8 54. Rxb7 Be4 55. Kf6 Rc6+ 56. Ke5 Bxg2 57. Nf4 Bf3 58. Rxa7 Ke8 59. c4 g5 60. Ne6 g4 61. Kf6 1-0

[Event "Oslo Kvisla"]
[Site "Oslo"]
[Date "2023.03.26"]
[Round "7"]
[White "Mitusov, Semen"]
[Black "Nilssen, Ellen Fredericia"]
[Result "1-0"]
[WhiteElo "2407"]
[BlackElo "2144"]
[PlyCount "127"]
[EventDate "2023.03.20"]
[EventType "tourn"]
[EventRounds "9"]
[EventCountry "NOR"]
[EventCategory "6"]
[SourceTitle "CBM 213 Extra"]
[Source "ChessBase"]
[SourceDate "2023.05.31"]
[SourceVersion "1"]
[SourceVersionDate "2023.05.31"]
[SourceQuality "1"]

1. e4 c5 2. Be2 d6 3. f4 g6 4. Nf3 Bg7 5. 0-0 e6 6. c3 Nf6 7. e5 Nd5 8. d4 cxd4 9. cxd4 Nc6 10. Nc3 Nxc3 11. bxc3 0-0 12. Ba3 Re8 13. Bxd6 Ne7 14. Bxe7 Qxe7 15. Nd2 Bd7 16. Bf3 Rac8 17. Ne4 Red8 18. Qb3 Bc6 19. Nd6 Rxd6 20. exd6 Qxd6 21. Bxc6 Rxc6 22. Rad1 Qc7 23. Rf3 Bh6 24. Rdf1 Rb6 25. Qc2 Qc4 26. Rb1 Ra6 27. Rf2 Qc7 28. g3 Rc6 29. Rf3 Bg7 30. Qd2 Ra6 31. Rb3 h5 32. h4 Bf6 33. Kh2 Kg7 34. Rf2 Rc6 35. Rf3 Ra6 36. Qb2 Qc4 37. Rf2 b6 38. Ra3 Rxa3 39. Qxa3 Qc7 40. Qb3 Kg8 41. Qc2 b5 42. Qd3 a6 43. Rc2 Qd6 44. Qe4 Kg7 45. Rb2 Qa3 46. Qc2 Kg8 47. Qb3 Qa5 48. Rc2 Kg7 49. Qb4 Qc7 50. a4 Bxh4 51. gxh4 Qxf4+ 52. Kg1 Qg3+ 53. Kf1 Qh3+ 54. Ke1 Qxh4+ 55. Rf2 Qg5 56. axb5 axb5 57. Qb2 h4 58. Kf1 h3 59. Qd2 Qg4 60. Qe2 Qh4 61. Qe5+ Kg8 62. Qb8+ Kg7 63. Qc7 Qg4 64. Rxf7+ 1-0

[Event "Oslo Kvisla"]
[Site "Oslo"]
[Date "2023.03.25"]
[Round "6"]
[White "Nilssen, Ellen Fredericia"]
[Black "Kvaloy, Aksel Bu"]
[Result "1/2-1/2"]
[WhiteElo "2144"]
[BlackElo "2222"]
[PlyCount "158"]
[EventDate "2023.03.20"]
[EventType "tourn"]
[EventRounds "9"]
[EventCountry "NOR"]
[EventCategory "6"]
[SourceTitle "CBM 213 Extra"]
[Source "ChessBase"]
[SourceDate "2023.05.31"]
[SourceVersion "1"]
[SourceVersionDate "2023.05.31"]
[SourceQuality "1"]

1. d4 Nf6 2. c4 e6 3. Nc3 Bb4 4. Qc2 0-0 5. e4 d5 6. e5 Ne4 7. Bd3 c5 8. Nf3 cxd4 9. Nxd4 Nd7 10. Bf4 Ndc5 11. 0-0 Bxc3 12. bxc3 Bd7 13. Be2 Na4 14. cxd5 exd5 15. f3 Nexc3 16. Bd3 h6 17. Qf2 Nc5 18. Bc2 Ne6 19. Nxe6 fxe6 20. Be3 Rc8 21. Kh1 Bb5 22. Rfe1 Ne4 23. Bxe4 dxe4 24. Qb2 Bd3 25. f4 b6 26. Rac1 Qd7 27. h3 Bc4 28. Qa3 Bd5 29. Kh2 Kh7 30. Red1 Qb5 31. Qxa7 Rxc1 32. Rxc1 Ra8 33. Qe7 Qd3 34. Rc7 Rg8 35. Bxb6 e3 36. Qh4 Qe4 37. Qg3 e2 38. Bf2 Bxa2 39. Be1 Bd5 40. Ra7 Kh8 41. h4 Qf5 42. Bd2 Qh5 43. Kg1 Qf5 44. Kh2 Kh7 45. Rc7 Qe4 46. Be1 Kh8 47. Bd2 Qf5 48. Ra7 Qb1 49. Be1 Bb7 50. Ra3 Qf5 51. Rc3 Rc8 52. Rxc8+ Bxc8 53. Bf2 Bb7 54. Be1 Bd5 55. Bf2 Kg8 56. Be1 Qb1 57. Qf2 Qd1 58. Qg3 Kf7 59. Kh3 Be4 60. Kh2 h5 61. Qc3 Qd5 62. Qg3 Bf5 63. Qf3 Qd1 64. Qg3 Bg4 65. Qc3 Kg6 66. Qd2 Qb1 67. Qb4 Qd3 68. Qc3 Qd1 69. Qd2 Kf5 70. Qb4 Qd3 71. Qf8+ Kg6 72. Qb4 Qc2 73. Qd2 Qd1 74. Qc3 Kf5 75. Qb4 Qc1 76. Qf8+ Kg6 77. Qb4 Kf5 78. Qf8+ Ke4 79. Qb4+ Kf5 1/2-1/2